On religion : (Record no. 12616)
[ view plain ]
| 000 -LEADER | |
|---|---|
| fixed length control field | 00514nam a2200133 4500 |
| 008 - FIXED-LENGTH DATA ELEMENTS--GENERAL INFORMATION | |
| fixed length control field | 020830s1958 us eng |
| 090 #0 - LOCALLY ASSIGNED LC-TYPE CALL NUMBER (OCLC); LOCAL CALL NUMBER (OCLC) | |
| Classification number (OCLC) (R) ; Classification number, CALL (RLIN) (NR) | B3098.R3 |
| Local cutter number (OCLC) ; Book number/undivided call number, CALL (RLIN) | Sch3 |
| 100 1# - MAIN ENTRY--PERSONAL NAME | |
| Personal name | Schleiermacher, Friedrich D. E. |
| 245 10 - TITLE STATEMENT | |
| Title | On religion : |
| Remainder of title | speeches to its cultured despisers / |
| Statement of responsibility, etc | Friedrich D. E. Schleiermacher; translated by John Oman. |
| 260 ## - PUBLICATION, DISTRIBUTION, ETC. (IMPRINT) | |
| Place of publication, distribution, etc | New York : |
| Name of publisher, distributor, etc | Harper & Row, |
| Date of publication, distribution, etc | c1958 |
| 650 #4 - SUBJECT ADDED ENTRY--TOPICAL TERM | |
| Topical term or geographic name as entry element | Religion |
| General subdivision | Addresses, essays, lectures |
| 700 1# - ADDED ENTRY--PERSONAL NAME | |
| Personal name | Oman, John |
| 951 ## - EQUIVALENCE OR CROSS-REFERENCE-GEOGRAPHIC NAME/AREA NAME [OBSOLETE] [CAN/MARC only] | |
| -- | 10103 |
| -- | B3098.R3/Sch3 |
| -- | 070613111139640 |
| -- | 2000-12-21 |
| -- | GC |
| Withdrawn status | Lost status | Damaged status | Not for loan | Home library | Current library | Shelving location | Date acquired | Accession number | Shelving control number | Total Checkouts | Full call number | Date last seen | Price effective from | Koha item type |
|---|---|---|---|---|---|---|---|---|---|---|---|---|---|---|
| BSOP Library | BSOP Library | GC | 12/21/2000 | 10103 | 127 | B3098.R3/Sch3 | 02/23/2013 | 02/23/2013 | Books |
